| 000 | 00809 a2200241 4500 | ||
|---|---|---|---|
| 001 | 122292 | ||
| 020 | _a9788555790386 | ||
| 040 | _cEscola Canadense de Niteroi | ||
| 090 | _aABR | ||
| 100 | _aEditora Abril | ||
| 245 | 1 | 0 | _aConexões: de Sócrates a Sócrates e outras 114 ligações inusitadas |
| 260 | _aSão Paulo | ||
| 300 |
_a232 p. _bil. _c4 x 21 cm (brochura) |
||
| 362 | 0 | _a2016 | |
| 490 | 0 | _aConexões | |
| 520 | _aConexões é uma seção clássica da SUPER: prova todos os meses, há 11 anos, que há meros 5 gruas de separação entre qualquer coisa deste planeta. Confira nesta coletânea histórica. | ||
| 650 | 4 | _aLiteratura Infanto Juvenil | |
| 650 | 4 | _aNão Ficção | |
| 650 | 4 | _aConhecimentos gerais | |
| 650 | 4 | _aLugares e Pessoas | |
| 650 | 4 | _aCuriosidades | |
| 942 | _cBK | ||
| 999 |
_c122292 _d122292 |
||